Deposit of amphorae in the quarter of St. Theodore, Pula /
This volume examines a large group of amphorae which were placed in the quarter of St. Theodore in Pula during the construction of the terrace of the Roman temple complex and adjacent public thermae in the mid-1st century BC, in order to enable drainage and levelling of the slope. The total number o...
المؤلف الرئيسي:
التنسيق: كتاب الكتروني
اللغة: English
منشور في:
Oxford :
Archaeopress Publishing Ltd,
2020.
سلاسل:
Archaeopress Roman archaeology ;
75.
الموضوعات:
الوصول للمادة أونلاين: Login to view Source
الوسوم: إضافة وسم
رقم الطلب: DR1521
| LEADER | 02193nam a2200457 i 4500 | ||
|---|---|---|---|
| 001 | EDZ0002411790 | ||
| 003 | StDuBDS | ||
| 005 | 20230412183018.0 | ||
| 006 | m|||||o||d|||||||| | ||
| 007 | cr ||||||||||| | ||
| 008 | 201215s2020 enkab fob 000|0|eng|d | ||
| 020 | |a 9781789698497 (PDF ebook) : |c No price | ||
| 040 | |a StDuBDS |b eng |c StDuBDS |e rda |e pn | ||
| 050 | 4 | |a DR1521 | |
| 082 | 0 | 4 | |a 939.872 |2 23 |
| 100 | 1 | |a Starac, Alka, |d 1966- |e author. | |
| 245 | 1 | 0 | |a Deposit of amphorae in the quarter of St. Theodore, Pula / |c Alka Starac. |
| 264 | 1 | |a Oxford : |b Archaeopress Publishing Ltd, |c 2020. | |
| 300 | |a 1 online resource (704 pages) : |b illustrations (colour), maps (colour). | ||
| 336 | |a text |2 rdacontent | ||
| 336 | |a still image |2 rdacontent | ||
| 336 | |a cartographic image |2 rdacontent | ||
| 337 | |a computer |2 rdamedia | ||
| 338 | |a online resource |2 rdacarrier | ||
| 490 | 1 | |a Archaeopress Roman archaeology ; |v 75 | |
| 500 | |a Also issued in print: 2020. | ||
| 504 | |a Includes bibliographical references. | ||
| 520 | 8 | |a This volume examines a large group of amphorae which were placed in the quarter of St. Theodore in Pula during the construction of the terrace of the Roman temple complex and adjacent public thermae in the mid-1st century BC, in order to enable drainage and levelling of the slope. The total number of amphorae from deposits registered in the 2005-2007 excavations amounted to 2119, of which 1754 were extracted and thoroughly documented. | |
| 521 | |a Specialized. | ||
| 588 | |a Description based on online resource; title from PDF title page (viewed on January 27, 2021). | ||
| 650 | 0 | |a Excavations (Archaeology) |z Croatia |z Pula. | |
| 650 | 0 | |a Amphoras |z Croatia |z Pula. | |
| 650 | 0 | |a Temples, Roman |z Croatia |z Pula. | |
| 651 | 0 | |a Pula (Croatia) |x Antiquities. | |
| 651 | 0 | |a Pula (Croatia) |x History. | |
| 776 | 0 | 8 | |i Print version : |z 9781789698480 |
| 830 | 0 | |a Archaeopress Roman archaeology ; |v 75. | |
| 856 | 4 | 0 | |3 Archaeopress |u http://library.arce.org:8087/Archaeopress/Products/9781789698480 |
| 942 | |2 lcc |c EBOOK | ||
| 952 | |0 0 |1 0 |4 0 |6 DR1521 |7 1 |9 46793 |a ARCH |b ARCH |d 2023-04-12 |l 0 |o DR1521 |r 2023-04-12 00:00:00 |w 2023-04-12 |y EBOOK | ||
| 999 | |c 52451 |d 52451 | ||
